000 01156nas a2200373 c 4500
001 25899
003 ES-MaCES
005 20161019125329.0
008 010618u1996 sp br p 0 0spa d
017 _aBI 104-1996
_bDL
022 0 _a1136-0275
035 _aCES20010000325p
040 _aES-MaCES
_bspa
_cES-MaCES
245 0 0 _aBoletín fiscal
260 _aValencia
_bCISS
_c[1996]-
300 _av.
_c21 cm
310 _aQuincenal
500 _aDescripción basada en: 1999, n. 9 (1ª quincena mayo)
500 _aPubl. adscrita a la suscripción de Avance normativo fiscal
500 _aTít. tomado del tít. de partida
541 _cGratuito
650 4 _aEspaña
_926964
650 4 _acomentario
_928971
650 4 _alegislación económica
_927161
650 4 _atributación
_928093
650 4 _aadministración fiscal
_927209
653 1 0 _aFiscalidad
780 0 5 _tAvance normativo fiscal CISS
_w(ES-MaCES)25773
866 0 _a1999-2012 (2013).
_zUbicación: DEPÓSITO - 55/936
905 _kNO
_p+
942 _2CES
_cCR
_h0.1.
999 _c25899
_d25899